Science, the Singular, and the Question of Theology : (Record no. 603787)

MARC details
000 -LEADER
fixed length control field 00530nam a2200193 a 4500
008 - FIXED-LENGTH DATA ELEMENTS--GENERAL INFORMATION
fixed length control field 251216s2002##################000#0#eng##
020 ## - INTERNATIONAL STANDARD BOOK NUMBER
ISBN 9780312292966
082 04 - DEWEY DECIMAL CLASSIFICATION NUMBER
Classification number 230.20902
Item number LEE
100 1# - MAIN ENTRY--AUTHOR NAME
Personal name Jr., Richard A. Lee,
245 10 - TITLE STATEMENT
Title Science, the Singular, and the Question of Theology :
260 ## - PUBLICATION, DISTRIBUTION, ETC. (IMPRINT)
Name of publisher Palgrave Macmillan,
Year of publication 2002.
300 ## - PHYSICAL DESCRIPTION
Number of Pages 180 pages
650 #0 - SUBJECT ADDED ENTRY--TOPICAL TERM
Topical Term History.
942 ## - ADDED ENTRY ELEMENTS (KOHA)
Koha item type English Books
Holdings
Withdrawn status Lost status Damaged status Not for loan Home library Current library Shelving location Date acquired Full call number Accession Number Price effective from Koha item type
        Anna Centenary Library Anna Centenary Library 3RD FLOOR, B WING 22.12.2025 230.20902 LEE 320348 22.12.2025 English Books

Find us on the map